Countries bordering the Eurozone - Statistics

General Stats
  • This quiz has been taken 96 times
    30 since last reset
  • The average score is 20 of 22
Answer Stats
€uro borders Answer % Correct
Estonia, Finland, Latvia, Lithuania Russia
100%
Ireland (+Spain) [Akrotiri & Dekhelia are in the Eurozone] United Kingdom
100%
Germany Denmark
95%
Bulgaria, Croatia Serbia
95%
Austria, France, Germany, Italy Switzerland
95%
Slovakia Ukraine
95%
Latvia, Lithuania Belarus
90%
Austria, Germany, Slovakia Czechia
90%
Croatia Montenegro
90%
Spain Morocco
90%
Finland Norway
90%
Bulgaria Romania
90%
Finland Sweden
90%
Bulgaria, Greece Turkey
90%
Greece Albania
85%
Croatia Bosnia and Herzegovina
85%
Germany, Lithuania, Slovakia Poland
85%
France Suriname
85%
France Brazil
80%
Austria, Croatia, Slovakia, Slovenia Hungary
80%
Austria Liechtenstein
80%
Bulgaria, Greece North Macedonia
80%
No matching quizzes found
Score Distribution
Percent of People with Each Score
Percentile by Number Answered
Your Score History
You have not taken this quiz since the last reset